000 00361nam a2200109Ia 4500
008 171204s9999 xx 000 0 und d
245 _aEssentials Of Human Development: A Life-span View
245 _cJohn C. Cavanaugh and Robert V. Kail
260 _c2013
650 _xAdvanced Human Development
856 _uhttp://down.ebook777.com/025/EssOfHumDevALifVie.pdf
999 _c346875
_d346875